<?xml version="1.0" encoding="UTF-8"?><?xml-stylesheet type="text/xsl" href="static/style.xsl"?><OAI-PMH xmlns="http://www.openarchives.org/OAI/2.0/" xmlns:xsi="http://www.w3.org/2001/XMLSchema-instance" xsi:schemaLocation="http://www.openarchives.org/OAI/2.0/ http://www.openarchives.org/OAI/2.0/OAI-PMH.xsd"><responseDate>2026-04-13T01:56:52Z</responseDate><request verb="GetRecord" identifier="oai:www.recercat.cat:10256/10980" metadataPrefix="marc">https://recercat.cat/oai/request</request><GetRecord><record><header><identifier>oai:recercat.cat:10256/10980</identifier><datestamp>2024-10-29T20:41:49Z</datestamp><setSpec>com_2072_452955</setSpec><setSpec>com_2072_2054</setSpec><setSpec>col_2072_453063</setSpec></header><metadata><record xmlns="http://www.loc.gov/MARC21/slim" xmlns:dcterms="http://purl.org/dc/terms/" xmlns:xsi="http://www.w3.org/2001/XMLSchema-instance" xmlns:doc="http://www.lyncode.com/xoai" xsi:schemaLocation="http://www.loc.gov/MARC21/slim http://www.loc.gov/standards/marcxml/schema/MARC21slim.xsd">
   <leader>00925njm 22002777a 4500</leader>
   <datafield ind2=" " ind1=" " tag="042">
      <subfield code="a">dc</subfield>
   </datafield>
   <datafield ind2=" " ind1=" " tag="720">
      <subfield code="a">Sánchez Rodríguez, Daniel</subfield>
      <subfield code="e">author</subfield>
   </datafield>
   <datafield ind2=" " ind1=" " tag="720">
      <subfield code="a">Wada, Hiroki</subfield>
      <subfield code="e">author</subfield>
   </datafield>
   <datafield ind2=" " ind1=" " tag="720">
      <subfield code="a">Yamaguchi, Syuhei</subfield>
      <subfield code="e">author</subfield>
   </datafield>
   <datafield ind2=" " ind1=" " tag="720">
      <subfield code="a">Farjas Silva, Jordi</subfield>
      <subfield code="e">author</subfield>
   </datafield>
   <datafield ind2=" " ind1=" " tag="720">
      <subfield code="a">Yahiro, Hidenori</subfield>
      <subfield code="e">author</subfield>
   </datafield>
   <datafield ind2=" " ind1=" " tag="260">
      <subfield code="c">2015-11-15</subfield>
   </datafield>
   <datafield ind2=" " ind1=" " tag="520">
      <subfield code="a">The decomposition of La[Fe(CN)6]·5H2O and La[Co(CN)6]·5H2O under different atmospheres has been analyzed by thermogravimetry (TG) and differential thermal analysis (DTA). In addition, the decomposition temperature at different sample locations was monitored for sample masses around 2 g of La[Fe(CN)6]·5H2O and La[Co(CN)6]·5H2O, when they were calcined for 1 h at temperatures ranging from 200 to 400 °C in a controlled gas-flow system. Results showed that, the large enough of the cyano complex precursors undergo combustion when they are decomposed under oxygen atmosphere. X-ray diffraction results revealed that perovskite-type oxides crystallize due to the overheating of the process. As a result, it has been possible to produce LaFeO3 and LaCoO3 perovskite-type oxide powders by SHS under oxygen atmosphere using La[Fe(CN)6]·5H2O and La[Co(CN)6]·5H2O as a precursor. The effect of the ignition temperature has been investigated. The specific surface area of the perovskite-type oxides produced via SHS using heteronuclearcyano metal complex as a precursor is significantly higher than that of other LaMO3 produced using the same technique but obtained from other type of precursors</subfield>
   </datafield>
   <datafield tag="653" ind2=" " ind1=" ">
      <subfield code="a">Compostos metàl·lics -- Síntesi</subfield>
   </datafield>
   <datafield tag="653" ind2=" " ind1=" ">
      <subfield code="a">Metallic composites -- Synthesis</subfield>
   </datafield>
   <datafield ind2="0" ind1="0" tag="245">
      <subfield code="a">Self-propagating high-temperature synthesis of LaMO3 perovskitetype oxide using heteronuclearcyano metal complex precursors</subfield>
   </datafield>
</record></metadata></record></GetRecord></OAI-PMH>